00320nam a22000857a 4500008004100000082001700041245011100058260005600169300000900225230621b xxu||||| |||| 00| 0 eng d a328.03bRIIA aThe Colonial ProblembA Report by a Study group of Members of the royal Institute of International Affairs aLondon, new York ,TorontobOxford University Press a428p